Soldados y ciudadanos en el Caribe / (Registro nro. 14289)

Detalles MARC
000 -LEADER
fixed length control field 01879nam a2200289 a 4500
001 - CONTROL NUMBER
control field 000004963
003 - CONTROL NUMBER IDENTIFIER
control field DO-SdBNP
005 - DATE AND TIME OF LATEST TRANSACTION
control field 20221003091502.0
008 - FIXED-LENGTH DATA ELEMENTS--GENERAL INFORMATION
fixed length control field 090728t2002 dr 000 0 spa d
020 ## - INTERNATIONAL STANDARD BOOK NUMBER
Canceled/invalid ISBN 9993450022
040 ## - CATALOGING SOURCE
Original cataloging agency DO-SdBNP
Language of cataloging spa
Transcribing agency BPMSU
082 #4 - DEWEY DECIMAL CLASSIFICATION NUMBER
Classification number 355.332
Item number S684c 2022
Edition number 22
245 00 - TITLE STATEMENT
Title Soldados y ciudadanos en el Caribe /
Statement of responsibility, etc. editora Lilian Bobea.
260 ## - PUBLICATION, DISTRIBUTION, ETC. (IMPRINT)
Place of publication, distribution, etc. Santo Domingo :
Name of publisher, distributor, etc. FLACSO,
Date of publication, distribution, etc. 2002.
300 ## - PHYSICAL DESCRIPTION
Extent x, 351 p. ;
Dimensions 23 cm.
500 ## - GENERAL NOTE
General note Incluye referencias biográficas y notas al pie de las páginas
504 ## - BIBLIOGRAPHY, ETC. NOTE
Bibliography, etc Bibliográficas 115-119
505 0# - FORMATTED CONTENTS NOTE
Formatted contents note Prefacio --
Miscellaneous information Introducción: Control civil democrático de las fuerzas de seguridad del Caribe /
Statement of responsibility Lilian Bobea --
Title Recomposición de las fuerzas de seguridad en el Caribe y su impacto en las relaciones cívico-militares /
Statement of responsibility Lilian Bobea --
Title Los militares y la política en República Dominicana: de la muerte de Trujillo al fin del siglo XX /
Statement of responsibility Wilfredo Lozano --
Title The military of Guyana /
Statement of responsibility Dión E. Phillips --
Title The military in Guyana: Political and institutional adaptations /
Statement of responsibility Ivelaw Griffith --
Title Fuerzas armadas y política revolucionaria: el caso de Cuba de 1959 a los años 90 /
-- Víctor Afanasiev --
-- Fuerzas Armadas y política revolucionaria de Cuba /
Statement of responsibility Jorge Domínguez --
Title Business and corruption: framing the haitian military question /
Statement of responsibility Michel Laguerre --
Title La reforma policial en Haití: un triunfo sobre la historia /
Statement of responsibility Rachel Neild --
Title Vieques y la política puertorriqueña /
-- Jorge Rodríguez Beruff --
-- Conclusiones /
Statement of responsibility Lilian Bobea --
Miscellaneous information Notas biográficas.
590 ## - LOCAL NOTE (RLIN)
Local note Inventariado, 2022/VM
650 #4 - SUBJECT ADDED ENTRY--TOPICAL TERM
Topical term or geographic name as entry element Soldados
Geographic subdivision Caribe (Región)
650 #4 - SUBJECT ADDED ENTRY--TOPICAL TERM
Topical term or geographic name as entry element Militares
Geographic subdivision Caribe (Región)
651 #4 - SUBJECT ADDED ENTRY--GEOGRAPHIC NAME
Geographic name Caribe (Región)
General subdivision Fuerzas Armadas
700 1# - ADDED ENTRY--PERSONAL NAME
Personal name Bobea, Lilian,
Relator term ed.
710 2# - ADDED ENTRY--CORPORATE NAME
Corporate name or jurisdiction name as entry element Facultad Latinoamericana de Ciencias Sociales
910 ## - USER-OPTION DATA (OCLC)
User-option data VMateo V./Validado.
942 ## - ADDED ENTRY ELEMENTS (KOHA)
Source of classification or shelving scheme Dewey Decimal Classification
Koha item type Libros
Existencias
Withdrawn status Lost status Source of classification or shelving scheme Damaged status Not for loan Collection code Home library Current library Date acquired Source of acquisition Total Checkouts Full call number Barcode Date last seen Price effective from Koha item type Copy number
    Dewey Decimal Classification     Colección Dominicana Biblioteca Pública Metropolitana Salomé Ureña Biblioteca Pública Metropolitana Salomé Ureña 10/03/2022 FLASCSO   BPMSU CD 355.332 S684c 2022 BPMSU22100001 10/03/2022 10/03/2022 Libros  
    Dewey Decimal Classification     Colección Dominicana Biblioteca Pública Metropolitana Salomé Ureña Biblioteca Pública Metropolitana Salomé Ureña 10/03/2022 FLASCSO   BPMSU CD 355.332 S684c 2022 BPMSU22100002 10/03/2022 10/03/2022 Libros e.2
    Dewey Decimal Classification     Colección Dominicana Biblioteca Pública Metropolitana Salomé Ureña Biblioteca Pública Metropolitana Salomé Ureña 10/03/2022 FLASCSO   BPMSU CD 355.332 S684c 2022 BPMSU22100003 10/03/2022 10/03/2022 Libros e.3